[Event "Carnaval"]
[Site "Quebec CAN"]
[Date "2026.02.21"]
[Round "3"]
[White "Dube, Daniel"]
[Black "Lapalme, Gabriel"]
[Result "0-1"]
[WhiteElo "1840"]
[BlackElo "1530"]
[WhiteFideId "-1"]
[BlackFideId "-1"]
[PlyCount "78"]
[GameId "2286552151580734"]
[EventDate "2026.02.20"]
[EventType "swiss"]
[EventRounds "5"]
[EventCountry "CAN"]
[TimeControl "5400+30"]

1. Nf3 d5 2. g3 Nf6 3. Bg2 c5 4. d4 e6 5. O-O Nc6 6. c4 dxc4 7. Ne5 Nxe5 8. dxe5 Qxd1 9. Rxd1 Nd7 10. Bf4 Rb8 11. a4 a5 12. Nd2 Nb6 13. Rdc1 Nd5 14. Nxc4 Nxf4 15. gxf4 b6 16. Bc6+ Bd7 17. Bxd7+ Kxd7 18. Rd1+ Kc7 19. e4 Be7 20. Kf1 Rhd8 21. Ke2 Rd4 22. Rxd4 cxd4 23. Na3 Bxa3 24. Rxa3 Kc6 25. Kd3 Kc5 26. Ra1 Kb4 27. Rc1 Kxa4 28. Rc7 Kb3 29. Rxf7 Kxb2 30. f5 a4 31. fxe6 a3 32. Rxg7 a2 33. Ra7 b5 34. f4 b4 35. e7 a1=Q 36. Rxa1 Kxa1 37. Kc4 d3 38. Kxd3 b3 39. Kc3 b2 0-1

[Event "Carnaval"]
[Site "Quebec CAN"]
[Date "2026.02.21"]
[Round "3"]
[White "Genest, Jean-Philippe"]
[Black "Zhang, Yitian"]
[Result "0-1"]
[WhiteElo "1694"]
[BlackElo "1828"]
[WhiteFideId "-1"]
[BlackFideId "-1"]
[PlyCount "112"]
[GameId "2286552151584831"]
[EventDate "2026.02.20"]
[EventType "swiss"]
[EventRounds "5"]
[EventCountry "CAN"]
[TimeControl "5400+30"]

1. d4 d5 2. c4 c6 3. Nf3 Nf6 4. e3 e6 5. Nbd2 Nbd7 6. Bd3 dxc4 7. Nxc4 b5 8. Nce5 Bb7 9. O-O Bd6 10. a4 a6 11. e4 O-O 12. Qe2 bxa4 13. Nxd7 Nxd7 14. e5 Be7 15. Qe4 g6 16. Bh6 Re8 17. Qf4 c5 18. Ng5 Bxg5 19. Bxg5 Qc7 20. Rfc1 Rec8 21. Rxc5 Nxc5 22. dxc5 Qxc5 23. Bf6 a3 24. bxa3 Qf8 25. h4 Rc3 26. Rb1 Bd5 27. Qd2 Qc8 28. h5 Rc7 29. Rb4 Qf8 30. Qg5 Raa7 31. Qh4 a5 32. Rg4 Rc1+ 33. Kh2 Rcc7 34. hxg6 fxg6 35. Bxg6 hxg6 36. Rxg6+ Rg7 37. Rh6 Rh7 38. Qg5+ Rag7 39. Rxh7 Kxh7 40. Qh4+ Kg8 41. Bxg7 Qxg7 42. Qd8+ Kh7 43. Qh4+ Qh6 44. Qxh6+ Kxh6 45. g4 Kg6 46. f4 Be4 47. Kg3 a4 48. Kf2 Bc2 49. Ke3 Bb1 50. f5+ Bxf5 51. gxf5+ Kxf5 52. Kd4 Kf4 53. Kc5 Kxe5 54. Kb4 Kf4 55. Kxa4 e5 56. Kb3 e4 0-1

[Event "Carnaval"]
[Site "Quebec CAN"]
[Date "2026.02.21"]
[Round "3"]
[White "Voisin, Antoine"]
[Black "Potvin, Alain-Nicolas"]
[Result "0-1"]
[WhiteElo "1645"]
[BlackElo "1717"]
[WhiteFideId "-1"]
[BlackFideId "-1"]
[PlyCount "66"]
[GameId "2286552151588928"]
[EventDate "2026.02.20"]
[EventType "swiss"]
[EventRounds "5"]
[EventCountry "CAN"]
[TimeControl "5400+30"]

1. e4 d6 2. d4 Nf6 3. Bd3 g6 4. c4 Bg7 5. Nf3 O-O 6. O-O e5 7. d5 a5 8. Nc3 Na6 9. Be3 Ng4 10. Bg5 f6 11. Bd2 f5 12. h3 Nf6 13. Re1 f4 14. a3 h6 15. b4 g5 16. Nh2 Qe8 17. Be2 h5 18. f3 Qg6 19. Rb1 Rf7 20. Rf1 Bf8 21. Be1 Rg7 22. Bf2 g4 23. hxg4 hxg4 24. fxg4 Rh7 25. Nf3 Bxg4 26. Nh4 Qh5 27. Bxg4 Nxg4 28. Be1 Be7 29. Rf3 Bxh4 30. Rh3 Qg5 31. c5 Bf2+ 32. Bxf2 Rxh3 33. Qe1 Nxf2 0-1

[Event "Carnaval"]
[Site "Quebec CAN"]
[Date "2026.02.22"]
[Round "4"]
[White "Sambuev, Bator"]
[Black "Latorre, Vincent"]
[Result "1-0"]
[WhiteElo "2536"]
[BlackElo "2383"]
[WhiteFideId "-1"]
[BlackFideId "-1"]
[PlyCount "95"]
[GameId "2286552151588929"]
[EventDate "2026.02.20"]
[EventType "swiss"]
[EventRounds "5"]
[EventCountry "CAN"]
[TimeControl "5400+30"]

1. e4 e5 2. Nf3 Nc6 3. Bc4 Nf6 4. d3 Bc5 5. c3 d6 6. h3 a6 7. Bb3 Ba7 8. Nbd2 O-O 9. Nf1 Ne7 10. Be3 Ng6 11. Bxa7 Rxa7 12. Ne3 c6 13. h4 h5 14. Ng5 d5 15. g3 d4 16. Ng2 c5 17. cxd4 exd4 18. Nf4 Nxf4 19. gxf4 b5 20. Rc1 Rc7 21. Rg1 Qe7 22. Qe2 Bb7 23. f3 a5 24. a3 c4 25. dxc4 Qc5 26. Kd2 a4 27. cxb5 Qb6 28. Rxc7 Qxc7 29. Bc4 Qxf4+ 30. Kc2 Nd7 31. Qd2 Qc7 32. Qxd4 Ne5 33. b3 Rd8 34. b6 axb3+ 35. Kxb3 Rxd4 36. bxc7 Rxc4 37. f4 Rxc7 38. fxe5 Re7 39. Rd1 g6 40. Rd8+ Kg7 41. Kc4 Rxe5 42. Rd7 Ba6+ 43. Kd4 Ra5 44. Rxf7+ Kg8 45. Ra7 Rxa3 46. Ke5 Ra4 47. Kf6 Bb5 48. Rg7+ 1-0

[Event "Carnaval"]
[Site "Quebec CAN"]
[Date "2026.02.22"]
[Round "4"]
[White "Chiku-Ratte, Olivier-Kenta"]
[Black "Song, Julien"]
[Result "1-0"]
[WhiteElo "2404"]
[BlackElo "2458"]
[WhiteFideId "-1"]
[BlackFideId "-1"]
[PlyCount "81"]
[GameId "2286552151588930"]
[EventDate "2026.02.20"]
[EventType "swiss"]
[EventRounds "5"]
[EventCountry "CAN"]
[TimeControl "5400+30"]

1. d4 Nf6 2. c4 e6 3. Nc3 Bb4 4. e3 O-O 5. Bd2 d5 6. Nf3 Nbd7 7. Rc1 a6 8. cxd5 exd5 9. Qb3 Bxc3 10. Qxc3 c6 11. Qc2 Ne4 12. Bb4 Re8 13. Bd3 Nf8 14. Bxf8 Rxf8 15. O-O Qe7 16. Ne5 g6 17. Bxe4 dxe4 18. Qc5 Re8 19. Qxe7 Rxe7 20. Nc4 Be6 21. Nb6 Rd8 22. a4 Kf8 23. b4 Rd6 24. Rc5 f6 25. Rfc1 Ke8 26. Kf1 Kf7 27. Ke2 Ke8 28. Kd2 Kf7 29. Kc3 Kg7 30. b5 axb5 31. axb5 cxb5 32. Rxb5 Bg4 33. Kd2 Kh6 34. h3 Be6 35. Rcc5 Kg7 36. d5 Bd7 37. Rb4 Kf7 38. Nc4 Ra6 39. Rxb7 Ra2+ 40. Kc3 Ra6 41. d6 1-0

[Event "Carnaval"]
[Site "Quebec CAN"]
[Date "2026.02.22"]
[Round "4"]
[White "Rainfray, Arnaud"]
[Black "Page-Fortin, Mathieu"]
[Result "1-0"]
[WhiteElo "2336"]
[BlackElo "1954"]
[WhiteFideId "-1"]
[BlackFideId "-1"]
[PlyCount "49"]
[GameId "2286552151593027"]
[EventDate "2026.02.20"]
[EventType "swiss"]
[EventRounds "5"]
[EventCountry "CAN"]
[TimeControl "5400+30"]

1. e4 e6 2. d4 d5 3. Nc3 Nf6 4. e5 Ng8 5. Nf3 c5 6. dxc5 Bxc5 7. Bd3 Nc6 8. O-O f6 9. Bb5 Bd7 10. Bxc6 bxc6 11. Na4 Bf8 12. Be3 Qa5 13. c3 c5 14. Nxc5 Bxc5 15. b4 Bxb4 16. cxb4 Qa4 17. Qd2 fxe5 18. Nxe5 Bb5 19. Rfe1 Nf6 20. Bc5 Rd8 21. Qg5 Rg8 22. Rac1 Qa6 23. Ng4 Kf7 24. Re3 Bd3 25. Ne5+ 1-0

[Event "Carnaval"]
[Site "Quebec CAN"]
[Date "2026.02.22"]
[Round "4"]
[White "Iordanescu, Victor Nicolae"]
[Black "Adam, Rafael"]
[Result "1-0"]
[WhiteElo "1992"]
[BlackElo "2304"]
[WhiteFideId "-1"]
[BlackFideId "-1"]
[PlyCount "61"]
[GameId "2286552151593028"]
[EventDate "2026.02.20"]
[EventType "swiss"]
[EventRounds "5"]
[EventCountry "CAN"]
[TimeControl "5400+30"]

1. c4 e5 2. Nc3 Nf6 3. Nf3 Nc6 4. a3 a5 5. e3 Be7 6. d4 exd4 7. exd4 d5 8. h3 O-O 9. Bd3 Be6 10. c5 Ne4 11. Nxe4 dxe4 12. Bxe4 Bd5 13. Bxd5 Qxd5 14. O-O Rfd8 15. Be3 Bf6 16. Qa4 Ne7 17. Rad1 g5 18. Qc2 Ng6 19. Qd2 h6 20. Ne1 Rd7 21. f4 gxf4 22. Bf2 a4 23. Nf3 Kg7 24. Qc2 Ra5 25. Ne5 Re7 26. Ng4 Rb5 27. Nxf6 Kxf6 28. Bh4+ Nxh4 29. Rxf4+ Nf5 30. Rxf5+ Qxf5 31. Rf1 1-0

[Event "Carnaval"]
[Site "Quebec CAN"]
[Date "2026.02.22"]
[Round "4"]
[White "Alcantara, Maximo"]
[Black "Wiebe, Isaac"]
[Result "0-1"]
[WhiteElo "1941"]
[BlackElo "2248"]
[WhiteFideId "-1"]
[BlackFideId "-1"]
[PlyCount "52"]
[GameId "2286552151593029"]
[EventDate "2026.02.20"]
[EventType "swiss"]
[EventRounds "5"]
[EventCountry "CAN"]
[TimeControl "5400+30"]

1. e4 e5 2. Nf3 Nc6 3. Bb5 g6 4. d3 Bg7 5. Bg5 Nge7 6. Qd2 h6 7. Be3 f5 8. Qe2 d6 9. g3 O-O 10. Bc4+ Kh8 11. Nh4 f4 12. Bd2 g5 13. Nf5 Nxf5 14. exf5 Nd4 15. Qh5 Nxc2+ 16. Kd1 Nxa1 17. g4 Bd7 18. Nc3 Be8 19. Qh3 c6 20. a3 d5 21. Ba2 Qb6 22. Qg2 Qxb2 23. h4 Nb3 24. f3 Qxd2+ 25. Qxd2 Nxd2 26. Kxd2 Bf6 0-1

[Event "Carnaval"]
[Site "Quebec CAN"]
[Date "2026.02.22"]
[Round "4"]
[White "Vaillant, Charles-Etienne"]
[Black "Berube, Antoine"]
[Result "0-1"]
[WhiteElo "1863"]
[BlackElo "2214"]
[WhiteFideId "-1"]
[BlackFideId "-1"]
[PlyCount "144"]
[GameId "2286552151593030"]
[EventDate "2026.02.20"]
[EventType "swiss"]
[EventRounds "5"]
[EventCountry "CAN"]
[TimeControl "5400+30"]

1. c4 e6 2. g3 d5 3. Bg2 dxc4 4. Qa4+ Nd7 5. Qxc4 a6 6. Qc2 Rb8 7. Nf3 Ngf6 8. O-O Bd6 9. Nc3 O-O 10. a4 c5 11. d4 b5 12. axb5 axb5 13. dxc5 Nxc5 14. Nd4 Bd7 15. b4 Na4 16. Ncxb5 Bxb5 17. Nxb5 Rxb5 18. Rxa4 Bxb4 19. Rd1 Qb6 20. Be3 Bc5 21. Bxc5 Rxc5 22. Rc4 Rxc4 23. Qxc4 h6 24. h4 Rd8 25. Rxd8+ Qxd8 26. Bf3 g6 27. Kg2 Kg7 28. Qc3 Qd6 29. Qc6 Qd4 30. Qc2 e5 31. e3 Qb4 32. e4 Qd4 33. Kf1 Qa1+ 34. Ke2 Qa6+ 35. Qd3 Qa2+ 36. Qd2 Qa1 37. Qc2 Nh7 38. Bg2 Nf8 39. Bh3 Nh7 40. Bc8 Nf6 41. f4 Qh1 42. fxe5 Nxe4 43. e6 Nxg3+ 44. Kd3 Qe4+ 45. Kd2 Qe2+ 46. Kc1 Qxc2+ 47. Kxc2 fxe6 48. Bxe6 Kf6 49. Bd5 Nf5 50. Bb7 Nxh4 51. Kd3 Kf5 52. Ke3 Kg4 53. Kf2 Kf4 54. Bc6 g5 55. Be8 g4 56. Bh5 g3+ 57. Kg1 Nf5 58. Kg2 Ne3+ 59. Kg1 Kg5 60. Be8 h5 61. Bf7 h4 62. Be6 Kf4 63. Bd7 Ng4 64. Kg2 Nf2 65. Kg1 h3 66. Bc6 h2+ 67. Kf1 h1=Q+ 68. Bxh1 Nxh1 69. Kg1 Nf2 70. Kg2 Kg4 71. Kf1 Kf3 72. Kg1 Nh3+ 0-1

[Event "Carnaval"]
[Site "Quebec CAN"]
[Date "2026.02.22"]
[Round "4"]
[White "Wilkin, Alain"]
[Black "Gutierrez, Renzo"]
[Result "0-1"]
[WhiteElo "1813"]
[BlackElo "2206"]
[WhiteFideId "-1"]
[BlackFideId "-1"]
[PlyCount "76"]
[GameId "2286552151597127"]
[EventDate "2026.02.20"]
[EventType "swiss"]
[EventRounds "5"]
[EventCountry "CAN"]
[TimeControl "5400+30"]

1. d4 Nf6 2. Nf3 e6 3. g3 b5 4. Bg2 Bb7 5. O-O c5 6. c3 Be7 7. Nbd2 O-O 8. Re1 d5 9. Ne5 Nbd7 10. Ndf3 a5 11. h4 Qb6 12. Bg5 Rfd8 13. Nxd7 Rxd7 14. Ne5 Rc7 15. Bxf6 Bxf6 16. Ng4 Be7 17. e3 b4 18. Ne5 Rac8 19. cxb4 axb4 20. dxc5 Bxc5 21. Nd3 Bd6 22. Rc1 Ba6 23. Rxc7 Qxc7 24. Nf4 Be5 25. Qg4 Bxb2 26. Nxe6 Qd7 27. Bh3 Qxe6 28. Qxe6 fxe6 29. Bxe6+ Kf8 30. Bxc8 Bxc8 31. Rd1 Be6 32. f3 Bc3 33. Kf2 d4 34. exd4 Bxa2 35. d5 b3 36. d6 Ke8 37. Ke3 b2 38. Kd3 Be5 0-1

[Event "Carnaval"]
[Site "Quebec CAN"]
[Date "2026.02.22"]
[Round "4"]
[White "Tremblay, Rejean"]
[Black "Wu, Ting En Ryan"]
[Result "1/2-1/2"]
[WhiteElo "2132"]
[BlackElo "1839"]
[WhiteFideId "-1"]
[BlackFideId "-1"]
[PlyCount "98"]
[GameId "2286552151597128"]
[EventDate "2026.02.20"]
[EventType "swiss"]
[EventRounds "5"]
[EventCountry "CAN"]
[TimeControl "5400+30"]

1. d4 d5 2. c4 c6 3. Nf3 Nf6 4. Nc3 e6 5. Bg5 h6 6. Bxf6 Qxf6 7. e3 Nd7 8. Qb3 Bd6 9. Rc1 O-O 10. Bd3 dxc4 11. Bxc4 e5 12. Ne4 Qg6 13. Nxd6 Qxd6 14. dxe5 Nxe5 15. Nxe5 Qxe5 16. O-O b5 17. Bd3 Be6 18. Qc2 Rac8 19. a3 Rfd8 20. Rfd1 a5 21. Bh7+ Kh8 22. Rxd8+ Rxd8 23. Bd3 a4 24. h3 Qd6 25. Be4 Bc4 26. Bf3 Qf6 27. Be2 Be6 28. Bf1 Bf5 29. e4 Be6 30. Qxc6 Rc8 31. Qxc8+ Bxc8 32. Rxc8+ Kh7 33. Bxb5 Qb6 34. Bxa4 Qa6 35. Bd7 Qb7 36. Rd8 Qxb2 37. Bf5+ g6 38. Bg4 Qxa3 39. g3 h5 40. Be2 h4 41. Rd3 Qb2 42. Bf1 Qb4 43. Rf3 Kg7 44. Bd3 hxg3 45. Rxg3 Qd4 46. Kg2 Kh6 47. Rf3 Qd8 48. Bc4 Qg5+ 49. Rg3 Qf4 1/2-1/2

[Event "Carnaval"]
[Site "Quebec CAN"]
[Date "2026.02.22"]
[Round "4"]
[White "Duong, Thanh Nha"]
[Black "Papineau Esq, Daniel"]
[Result "1-0"]
[WhiteElo "2303"]
[BlackElo "2010"]
[WhiteFideId "-1"]
[BlackFideId "-1"]
[PlyCount "39"]
[GameId "2286552151597129"]
[EventDate "2026.02.20"]
[EventType "swiss"]
[EventRounds "5"]
[EventCountry "CAN"]
[TimeControl "5400+30"]

1. Nf3 Nf6 2. c4 g6 3. b4 Bg7 4. Bb2 O-O 5. g3 d5 6. cxd5 Nxd5 7. Bxg7 Kxg7 8. Qb3 Qd6 9. a3 f6 10. d4 Be6 11. Qb2 Nb6 12. Nbd2 Nc6 13. e3 Rad8 14. Rc1 Bd5 15. Bg2 Qe6 16. O-O Nc4 17. Nxc4 Bxc4 18. Rfe1 Bb5 19. e4 Qd7 20. d5 1-0

[Event "Carnaval"]
[Site "Quebec CAN"]
[Date "2026.02.22"]
[Round "4"]
[White "Cassista, Jeremie"]
[Black "Di Matteo, Alessio"]
[Result "1-0"]
[WhiteElo "1814"]
[BlackElo "2048"]
[WhiteFideId "-1"]
[BlackFideId "-1"]
[PlyCount "99"]
[GameId "2286552151605322"]
[EventDate "2026.02.20"]
[EventType "swiss"]
[EventRounds "5"]
[EventCountry "CAN"]
[TimeControl "5400+30"]

1. d4 Nf6 2. Nf3 e6 3. c4 Bb4+ 4. Bd2 c5 5. Bxb4 cxb4 6. Nbd2 O-O 7. e3 a5 8. Be2 b6 9. Ne5 Bb7 10. Bf3 Qc7 11. Bxb7 Qxb7 12. Qf3 Qxf3 13. Ndxf3 d6 14. Nd3 Na6 15. O-O Rac8 16. Nd2 Nd7 17. Rac1 Rfd8 18. Rfd1 Kf8 19. f3 Ke7 20. Kf2 Rc7 21. g4 f6 22. h4 Rdc8 23. b3 Nab8 24. Nf4 Nf8 25. Ne4 Nbd7 26. Rc2 b5 27. c5 d5 28. Nd6 Rb8 29. Nd3 Rc6 30. Re2 Ng6 31. h5 Nh8 32. e4 dxe4 33. Rxe4 Rxd6 34. cxd6+ Kxd6 35. Rde1 Re8 36. Nc5 Nxc5 37. dxc5+ Kd5 38. Rd1+ Kxc5 39. Rd7 a4 40. Rc7+ Kb6 41. Rxg7 axb3 42. axb3 Rf8 43. Rxe6+ Kc5 44. Rc7+ Kd4 45. Ree7 Ra8 46. Red7+ Ke5 47. Ke3 Ra3 48. Rd3 Ke6 49. Rc8 Nf7 50. Re8# 1-0

[Event "Carnaval"]
[Site "Quebec CAN"]
[Date "2026.02.22"]
[Round "4"]
[White "Zhang, Yitian"]
[Black "Drolet, Louis-Charles"]
[Result "0-1"]
[WhiteElo "1828"]
[BlackElo "1992"]
[WhiteFideId "-1"]
[BlackFideId "-1"]
[PlyCount "74"]
[GameId "2286552151605323"]
[EventDate "2026.02.20"]
[EventType "swiss"]
[EventRounds "5"]
[EventCountry "CAN"]
[TimeControl "5400+30"]

1. d4 Nf6 2. c4 g6 3. Nc3 d5 4. cxd5 Nxd5 5. e4 Nxc3 6. bxc3 Bg7 7. Nf3 c5 8. Rb1 Nc6 9. Bb5 O-O 10. d5 Ne5 11. Nxe5 Bxe5 12. Qd2 Qa5 13. Rb3 a6 14. Be2 Bd7 15. f4 Bg7 16. O-O b5 17. e5 c4 18. Rb2 Rad8 19. Qe3 Bc8 20. Bf3 Bf5 21. Re1 Bd3 22. Qd4 Rd7 23. Bd2 Rfd8 24. Qf2 Qa3 25. Be3 Rb8 26. Ba7 Rf8 27. Bd4 f5 28. Bc5 Qa5 29. d6 exd6 30. Bxd6 Rxd6 31. exd6 Qxc3 32. Rbe2 Bxe2 33. Qxe2 Qd4+ 34. Kh1 Qxd6 35. Rd1 Qxf4 36. Qe6+ Kh8 37. Qxa6 Be5 0-1

[Event "Carnaval"]
[Site "Quebec CAN"]
[Date "2026.02.22"]
[Round "4"]
[White "Saine, Zachary"]
[Black "Bourassa, Samuel"]
[Result "0-1"]
[WhiteElo "2133"]
[BlackElo "1992"]
[WhiteFideId "-1"]
[BlackFideId "-1"]
[PlyCount "72"]
[GameId "2286552151605324"]
[EventDate "2026.02.20"]
[EventType "swiss"]
[EventRounds "5"]
[EventCountry "CAN"]
[TimeControl "5400+30"]

1. e4 c5 2. Nf3 d6 3. Bb5+ Bd7 4. a4 Nc6 5. O-O g6 6. Re1 Bg7 7. c3 a6 8. Bf1 Bg4 9. h3 Bxf3 10. Qxf3 Nf6 11. Na3 O-O 12. Nc2 Nd7 13. Qd1 Qb6 14. Ne3 e6 15. d3 Rfd8 16. g4 Nf6 17. Bg2 Ne8 18. Nc4 Qc7 19. a5 Rab8 20. Bf4 e5 21. Bg5 Bf6 22. Bd2 Ng7 23. Nb6 Rf8 24. Nd5 Qd8 25. Bh6 Bg5 26. Bxg5 Qxg5 27. Qc1 Qh4 28. f4 f6 29. f5 Rf7 30. Rf1 Ne7 31. Nb6 Rd8 32. Kh2 g5 33. Bf3 h5 34. Rg1 Qf2+ 35. Bg2 hxg4 36. hxg4 Ngxf5 0-1

[Event "Carnaval"]
[Site "Quebec CAN"]
[Date "2026.02.22"]
[Round "4"]
[White "Potvin, Alain-Nicolas"]
[Black "Chua, Zachary"]
[Result "0-1"]
[WhiteElo "1717"]
[BlackElo "1971"]
[WhiteFideId "-1"]
[BlackFideId "-1"]
[PlyCount "36"]
[GameId "2286552151609421"]
[EventDate "2026.02.20"]
[EventType "swiss"]
[EventRounds "5"]
[EventCountry "CAN"]
[TimeControl "5400+30"]

1. d4 Nf6 2. Nf3 e6 3. e3 b6 4. Bd3 Bb7 5. O-O Be7 6. Nbd2 d5 7. b3 Ne4 8. Bb2 Nd7 9. Ne5 Nxe5 10. dxe5 O-O 11. f4 a5 12. a3 Qd7 13. Rf3 a4 14. Rh3 g6 15. b4 Rfd8 16. Qe2 c5 17. Bxe4 dxe4 18. Nc4 Ba6 0-1

[Event "Carnaval"]
[Site "Quebec CAN"]
[Date "2026.02.22"]
[Round "4"]
[White "Belanger, Mathieu-Olivier"]
[Black "Lorge, Edouard"]
[Result "1-0"]
[WhiteElo "1920"]
[BlackElo "1495"]
[WhiteFideId "-1"]
[BlackFideId "-1"]
[PlyCount "89"]
[GameId "2286552151609422"]
[EventDate "2026.02.20"]
[EventType "swiss"]
[EventRounds "5"]
[EventCountry "CAN"]
[TimeControl "5400+30"]

1. e4 e6 2. d4 d5 3. Nd2 dxe4 4. Nxe4 Nf6 5. Nxf6+ Qxf6 6. Bd3 Be7 7. Nf3 h6 8. O-O O-O 9. c3 Nd7 10. Bc2 g5 11. Be3 Bd6 12. Nxg5 hxg5 13. Qh5 Qg7 14. Bxg5 f5 15. Bh6 Qh7 16. f4 Rf7 17. Rf3 Bf8 18. Qg5+ Bg7 19. Rh3 Nf6 20. Bxg7 Qxg7 21. Qh4 Kf8 22. Re1 Bd7 23. Bb3 Re8 24. Qf2 Ne4 25. Qe2 Rf6 26. Re3 Bc6 27. Bc2 Rg6 28. Bxe4 Bxe4 29. g3 Kf7 30. Qc4 c6 31. Qb4 Re7 32. c4 Qh7 33. Rd1 Qh3 34. Rd2 Ke8 35. Qd6 Rd7 36. Qb8+ Ke7 37. Qxa7 Rg8 38. Qa3+ Kf7 39. Qc3 Rgd8 40. g4 Qh8 41. Rh3 Qg7 42. Qb4 Rxd4 43. Qxb7+ R8d7 44. Qxd7+ Rxd7 45. Rxd7+ 1-0

[Event "Carnaval"]
[Site "Quebec CAN"]
[Date "2026.02.22"]
[Round "4"]
[White "Huynh, Nhu Phuong Nghi"]
[Black "Audouze, Oscar"]
[Result "1/2-1/2"]
[WhiteElo "1656"]
[BlackElo "1844"]
[WhiteFideId "-1"]
[BlackFideId "-1"]
[PlyCount "119"]
[GameId "2286552151609423"]
[EventDate "2026.02.20"]
[EventType "swiss"]
[EventRounds "5"]
[EventCountry "CAN"]
[TimeControl "5400+30"]

1. d4 e6 2. c4 Nf6 3. Nc3 Bb4 4. Bg5 h6 5. Bf4 c5 6. e3 b6 7. Bd3 Bb7 8. Nf3 d5 9. O-O dxc4 10. Bxc4 O-O 11. Qe2 cxd4 12. exd4 Nc6 13. Rfd1 Ne7 14. Rac1 Ned5 15. Bd2 Qe7 16. Bd3 Rfd8 17. Ne4 Bxd2 18. Qxd2 Nxe4 19. Bxe4 Nf6 20. Bxb7 Qxb7 21. Ne5 Rd5 22. h3 Rad8 23. Qf4 R5d6 24. Nf3 Qd5 25. Rc7 Qxa2 26. Ne5 Qa4 27. Rd2 Rxd4 28. Rxd4 Rxd4 29. Qf3 Qd1+ 30. Qxd1 Rxd1+ 31. Kh2 Rd2 32. Nxf7 Rxf2 33. Nd8 e5 34. Ne6 Ne8 35. Rxa7 Rxb2 36. Re7 e4 37. Kg1 Nf6 38. Rxg7+ Kh8 39. Rg6 e3 40. Nf4 Rb1+ 41. Kh2 Ng8 42. Re6 Rb3 43. Nd5 Kg7 44. Nxe3 Kf7 45. Re5 Ne7 46. Ng4 Ng6 47. Nxh6+ Kg7 48. Nf5+ Kf6 49. Re3 Rxe3 50. Nxe3 b5 51. Nd5+ Ke5 52. Nb4 Nf4 53. g4 Nd5 54. Na6 Kd4 55. g5 b4 56. Nxb4 Nxb4 57. g6 Nd5 58. Kg3 Ke5 59. Kg4 Kf6 60. h4 1/2-1/2

[Event "Carnaval"]
[Site "Quebec CAN"]
[Date "2026.02.22"]
[Round "4"]
[White "Lapalme, Gabriel"]
[Black "Bain-Thouverez, Aurelien"]
[Result "0-1"]
[WhiteElo "1530"]
[BlackElo "1821"]
[WhiteFideId "-1"]
[BlackFideId "-1"]
[PlyCount "50"]
[GameId "2286552151613520"]
[EventDate "2026.02.20"]
[EventType "swiss"]
[EventRounds "5"]
[EventCountry "CAN"]
[TimeControl "5400+30"]

1. e4 c5 2. Nf3 a6 3. b3 d6 4. d4 cxd4 5. Nxd4 e5 6. Ne2 Nf6 7. Nec3 Be7 8. Be2 h6 9. O-O O-O 10. Qd3 Nc6 11. a3 Nd4 12. Bd1 Nd7 13. Nd5 Nc5 14. Nxe7+ Qxe7 15. Qe3 f5 16. Nc3 f4 17. Qd2 f3 18. Nd5 Qf7 19. b4 Nxe4 20. Qd3 fxg2 21. Kxg2 Qxd5 22. c4 Nxf2+ 23. Bf3 Bh3+ 24. Kxf2 Qxf3+ 25. Qxf3 Rxf3+ 0-1

[Event "Carnaval"]
[Site "Quebec CAN"]
[Date "2026.02.22"]
[Round "4"]
[White "Dube, Daniel"]
[Black "Genest, Jean-Philippe"]
[Result "0-1"]
[WhiteElo "1840"]
[BlackElo "1694"]
[WhiteFideId "-1"]
[BlackFideId "-1"]
[PlyCount "40"]
[GameId "2286552151613521"]
[EventDate "2026.02.20"]
[EventType "swiss"]
[EventRounds "5"]
[EventCountry "CAN"]
[TimeControl "5400+30"]

1. e4 c5 2. Nf3 d6 3. d4 cxd4 4. Nxd4 Nf6 5. Nc3 g6 6. f4 Nc6 7. Nxc6 bxc6 8. e5 Nd7 9. exd6 exd6 10. Be3 Be7 11. Bd4 O-O 12. Be2 Re8 13. O-O Nf8 14. f5 Bxf5 15. Rxf5 gxf5 16. Bd3 Bf6 17. Bxf5 Bxd4+ 18. Qxd4 Qb6 19. Rd1 d5 20. Kh1 Qxd4 0-1

[Event "Carnaval"]
[Site "Quebec CAN"]
[Date "2026.02.22"]
[Round "4"]
[White "Verge, Leo"]
[Black "Barrera, Eduardo"]
[Result "1/2-1/2"]
[WhiteElo "1844"]
[BlackElo "1950"]
[WhiteFideId "-1"]
[BlackFideId "-1"]
[PlyCount "161"]
[GameId "2286552151613522"]
[EventDate "2026.02.20"]
[EventType "swiss"]
[EventRounds "5"]
[EventCountry "CAN"]
[TimeControl "5400+30"]

1. Nf3 c5 2. g3 d5 3. c4 e6 4. Bg2 Nf6 5. O-O Be7 6. b3 O-O 7. cxd5 Nxd5 8. Bb2 Bf6 9. Bxf6 Qxf6 10. Na3 Nc6 11. Nc4 Nb6 12. Ne3 e5 13. Qc2 Nd7 14. h4 Nd4 15. Nxd4 exd4 16. Nd5 Qd6 17. e3 Rb8 18. b4 cxb4 19. Qb2 Nb6 20. Qxb4 Qxb4 21. Nxb4 dxe3 22. dxe3 Be6 23. a4 a5 24. Nd3 Bc4 25. Rfb1 Nd7 26. Nf4 b6 27. Bc6 Nc5 28. Nd5 Bxd5 29. Bxd5 Rfd8 30. e4 Kf8 31. f3 Rd6 32. Kf2 Nd3+ 33. Ke3 Nb4 34. Rb2 Nxd5+ 35. exd5 Rxd5 36. Rab1 Rd6 37. Rb5 Re8+ 38. Kf2 Ree6 39. g4 Ke7 40. R1b3 Kd7 41. Rc3 Rd4 42. Rf5 f6 43. Rh5 h6 44. Kg3 Rxa4 45. g5 fxg5 46. hxg5 Rg6 47. f4 hxg5 48. f5 Rf6 49. Rxg5 Rf7 50. Rg6 Rb4 51. Rcc6 Rxf5 52. Rxb6 Rxb6 53. Rxb6 Ke7 54. Kg4 Rd5 55. Ra6 Kf7 56. Ra7+ Kg8 57. Ra6 Kh7 58. Ra7 Rd4+ 59. Kf3 Ra4 60. Ra6 Ra1 61. Ra7 a4 62. Kg2 Kh6 63. Kg3 a3 64. Ra6+ g6 65. Kg2 a2 66. Ra5 Kg7 67. Ra7+ Kf6 68. Ra6+ Kf5 69. Ra5+ Ke4 70. Ra4+ Kd3 71. Ra3+ Kd4 72. Ra4+ Kc3 73. Ra8 Kd4 74. Ra4+ Ke5 75. Ra5+ Kf4 76. Ra4+ Kg5 77. Ra5+ Kh6 78. Ra7 Kh5 79. Ra5+ g5 80. Ra4 Kg6 81. Ra6+ 1/2-1/2

[Event "Carnaval"]
[Site "Quebec CAN"]
[Date "2026.02.22"]
[Round "5"]
[White "Chiku-Ratte, Olivier-Kenta"]
[Black "Sambuev, Bator"]
[Result "1/2-1/2"]
[WhiteElo "2404"]
[BlackElo "2536"]
[WhiteFideId "-1"]
[BlackFideId "-1"]
[PlyCount "36"]
[GameId "2286552151617619"]
[EventDate "2026.02.20"]
[EventType "swiss"]
[EventRounds "5"]
[EventCountry "CAN"]
[TimeControl "5400+30"]

1. d4 Nf6 2. c4 e6 3. Nf3 d5 4. Nc3 Be7 5. Bf4 O-O 6. e3 c5 7. dxc5 Bxc5 8. a3 Nc6 9. cxd5 Nxd5 10. Nxd5 exd5 11. Bd3 h6 12. Rc1 Bb6 13. O-O Qf6 14. Bb1 d4 15. Qd3 Qg6 16. Qb5 Qf6 17. Qd3 Qg6 18. Qb5 Qf6 1/2-1/2

[Event "Carnaval"]
[Site "Quebec CAN"]
[Date "2026.02.22"]
[Round "5"]
[White "Song, Julien"]
[Black "Iordanescu, Victor Nicolae"]
[Result "1/2-1/2"]
[WhiteElo "2458"]
[BlackElo "1992"]
[WhiteFideId "-1"]
[BlackFideId "-1"]
[PlyCount "106"]
[GameId "2286552151621716"]
[EventDate "2026.02.20"]
[EventType "swiss"]
[EventRounds "5"]
[EventCountry "CAN"]
[TimeControl "5400+30"]

1. d4 Nf6 2. c4 e6 3. Nf3 d5 4. g3 Be7 5. Bg2 O-O 6. Nc3 dxc4 7. Ne5 Nc6 8. Bxc6 bxc6 9. Nxc6 Qe8 10. Nxe7+ Qxe7 11. Qa4 e5 12. dxe5 Qxe5 13. Qxc4 Be6 14. Qf4 Qxf4 15. Bxf4 Nd5 16. Nxd5 Bxd5 17. f3 c5 18. Kf2 c4 19. e4 Be6 20. Bd6 Rfd8 21. e5 Rd7 22. Rhd1 Rb7 23. Rd2 Rc8 24. Rc1 h5 25. Ke3 Rc6 26. Kf4 Rb5 27. Ba3 Kh7 28. Be7 Rcb6 29. Rcc2 Kg6 30. g4 hxg4 31. fxg4 Ra6 32. a3 Rb3 33. h4 c3 34. h5+ Kh6 35. bxc3 Ra4+ 36. Rd4 Rxc3 37. Rxa4 Rxc2 38. g5+ Kxh5 39. Rxa7 Rc4+ 40. Ke3 Kg4 41. Bf8 Kxg5 42. Bxg7 Kf5 43. a4 Rb4 44. a5 Ra4 45. Bf6 Ba2 46. a6 Bc4 47. Rc7 Bxa6 48. Rxf7 Bc4 49. Rg7 Ba2 50. Re7 Be6 51. Rh7 Ba2 52. Rh4 Rxh4 53. Bxh4 Kxe5 1/2-1/2